02469cam a22002775a 4500999001700000005001700017008004100034010001700075020001800092040004300110082002500153100001700178245004700195250001300242260006300255300002700318504005100345520147900396650004301875650003401918650004601952651001001998653003002008942000802038952014502046 c27290d2726120190327132020.0170925t2018 enk frb 001 0 eng d a 2017046175 a9781138655317 aDLCbengcDLCdDLCdEG-ScBUEdEG-ScBUE04a344.0532517bLOW2221 aLowe, David.10aTerrorism :blaw and policy /cDavid Lowe. a1st. ed. aOxon ;aNew York :bRoutledge / Taylor & Francis,cc.2018. axxiv, 249 p. ;c24 cm. aIncludes bibliographical references and index. aTerrorism: Law and Policy provides a comprehensive socio-legal analysis of issues related to terrorist activity. Aimed at both undergraduate and postgraduate students, the book takes a comparative approach to the law related to terrorism in a number of states, mainly those in Europe, North America, Australia and New Zealand. Beginning with an examination of the background to various currently active terrorist groups, the book focuses on those groups which are currently active and which pose a threat to security, especially at the international level. The chapters take the reader through the legal definitions of terrorism contained in various states’ statutory provisions and examine how the courts have interpreted terrorism in those states’ jurisdictions. The main aim of any terrorist investigation is prevention and so the book examines the various statutory preventative measures that states have introduced and explores the legal issues surrounding surveillance, terrorism intelligence exchange, radicalisation, use of social media, quasi-criminal provisions, asset-freezing and the nexus between terrorist activity and organised crime. Bringing together a number of themes related to terrorism and security from a uniquely legal perspective, this book builds a comparative picture of the legal counter-terrorism interventions states are adopting to increase co-operation and adopt a more united approach in the face of the international terrorism threat. 7aTerrorismxLaw and legislation.2BUEsh 7aTerrorismxPrevention.2BUEsh 7aSociological jurisprudence.2BUEsh940613 2BUEsh bLLAAWWbBUSBOLcMarch2019 2ddc 00102ddc40708AlahramaMAINbMAINc1STd2019-03-25ePurchaseg610.00h526l0o344.0532517 LOWp000043284r2025-07-15 00:00:00v762.50yBB